| 000 | 00962cam a2200217 4500 | ||
|---|---|---|---|
| 001 | WB@3612-343 | ||
| 008 | 040714n2004 000 0 eng u | ||
| 035 | _a(Sirsi) u126765 | ||
| 245 | _aNew accident investigation guidance | ||
| 260 | _c2004 | ||
| 490 |
_aHSE News Release _vE094:04 8 July 2004 (1) |
||
| 520 | _aThe HSE has published new guidance on how to investigate accidents and incidents, including near misses. "Investigating accidents and incidents - a workbook for employers, unions, safety representatives and safety professionals" (£9.50 ISBN 0717628272)* was prepared in consultation with industry, unions and health and safety professional bodies and is aimed primarily at SMEs. http://www.hse.gov.uk/press/2004/e04094.htm | ||
| 590 | _aWB | ||
| 590 | _aWB | ||
| 650 | _aACCIDENT INVESTIGATIONS | ||
| 650 | _aHEALTH AND SAFETY AT WORK | ||
| 650 | _aSMES | ||
| 650 | _aGUIDANCE | ||
| 690 |
_aHEALTH AND SAFETY _96244 |
||
| 942 | _n0 | ||
| 999 |
_c117687 _d117687 |
||